[Event "Sao Paulo Carnaval op"]
[Site "Sao Paulo"]
[Date "2020.02.25"]
[Round "7"]
[White "Machado, Antonio Rodrigo"]
[Black "Saraiva, Alexandre Pacheco"]
[Result "0-1"]
[WhiteElo "1694"]
[BlackElo "1880"]
[PlyCount "81"]
[EventDate "2020.02.22"]
[EventType "swiss"]
[EventRounds "7"]
[EventCountry "BRA"]
[SourceTitle "CBM 195 Extra"]
[Source "ChessBase"]
[SourceDate "2020.05.31"]
[SourceVersion "1"]
[SourceVersionDate "2020.05.31"]
[SourceQuality "1"]

1. e4 c5 2. Nf3 d6 3. d4 cxd4 4. Nxd4 Nf6 5. Nc3 a6 6. Be3 h6 7. f3 e6 8. Qd2 Be7 9. g4 Qc7 10. 0-0-0 Nbd7 11. Kb1 b5 12. Bxb5 axb5 13. Ndxb5 Qc6 14. Nxd6+ Bxd6 15. Qxd6 Ra6 16. Qxc6 Rxc6 17. Nb5 0-0 18. Na7 Ra6 19. Nxc8 Rxc8 20. b3 Ne5 21. Rhf1 Nc6 22. c4 Rca8 23. a4 Rb8 24. Kc2 e5 25. Kc3 Ne8 26. Rd5 Nc7 27. Rd7 Ne6 28. Rd5 g5 29. Rfd1 Ncd4 30. Bxd4 Nxd4 31. Rxe5 Nxf3 32. Red5 Nxh2 33. Rd6 Raa8 34. Rxh6 Nxg4 35. Rhd6 Nf2 36. R1d4 Re8 37. Kb4 Rab8+ 38. Ka3 Nxe4 39. b4 Nxd6 40. Rxd6 Re3+ 41. Ka2 0-1

[Event "Sao Paulo Carnaval op"]
[Site "Sao Paulo"]
[Date "2020.02.24"]
[Round "5"]
[White "Machado, Antonio Rodrigo"]
[Black "De Melo Lima, Caio Fernandes"]
[Result "1/2-1/2"]
[WhiteElo "1694"]
[BlackElo "1979"]
[PlyCount "85"]
[EventDate "2020.02.22"]
[EventType "swiss"]
[EventRounds "7"]
[EventCountry "BRA"]
[SourceTitle "CBM 195 Extra"]
[Source "ChessBase"]
[SourceDate "2020.05.31"]
[SourceVersion "1"]
[SourceVersionDate "2020.05.31"]
[SourceQuality "1"]

1. e4 d6 2. d4 Nf6 3. Nc3 Nbd7 4. Nf3 e5 5. Bc4 Be7 6. 0-0 c6 7. a4 b6 8. Qe2 h6 9. Rd1 Qc7 10. h3 a6 11. Be3 Bb7 12. dxe5 Nxe5 13. Bb3 Nxf3+ 14. Qxf3 0-0 15. Qg3 Kh7 16. f3 Rad8 17. Qf2 Nd7 18. Ne2 Nc5 19. Bc4 a5 20. c3 d5 21. exd5 cxd5 22. Ba2 Bf6 23. Bb1+ g6 24. Bc2 Rfe8 25. Re1 Ba6 26. Rad1 Be5 27. Bd4 Bxe2 28. Bxe5 Rxe5 29. Rxe2 Rde8 30. Rde1 Nd7 31. Bd3 Rxe2 32. Rxe2 Rxe2 33. Qxe2 Qf4 34. Bb5 Ne5 35. Kf2 h5 36. Qe3 Qf5 37. f4 f6 38. Kg1 Nc4 39. Bxc4 dxc4 40. Qe7+ Kg8 41. Qe8+ Kg7 42. Qe7+ Kg8 43. Qe8+ 1/2-1/2

[Event "Sao Paulo Carnaval op"]
[Site "Sao Paulo"]
[Date "2020.02.22"]
[Round "1"]
[White "Machado, Antonio Rodrigo"]
[Black "De Borba, Guilherme"]
[Result "0-1"]
[WhiteElo "1694"]
[BlackElo "2270"]
[PlyCount "54"]
[EventDate "2020.02.22"]
[EventType "swiss"]
[EventRounds "7"]
[EventCountry "BRA"]
[SourceTitle "CBM 195 Extra"]
[Source "ChessBase"]
[SourceDate "2020.05.31"]
[SourceVersion "1"]
[SourceVersionDate "2020.05.31"]
[SourceQuality "1"]

1. e4 c5 2. Nf3 e6 3. d4 cxd4 4. Nxd4 Nf6 5. Nc3 d6 6. Be3 Be7 7. Qf3 0-0 8. h3 a6 9. g4 Nc6 10. g5 Nd7 11. Qg3 Nxd4 12. Bxd4 b5 13. h4 b4 14. Na4 Bb7 15. Bd3 e5 16. Be3 d5 17. f3 Bc6 18. b3 d4 19. Bd2 Bxa4 20. bxa4 Qa5 21. h5 Qxa4 22. g6 Qc6 23. gxh7+ Kxh7 24. 0-0-0 Nc5 25. Kb1 Nxd3 26. cxd3 b3 27. Qxe5 Qc2+ 0-1

[Event "Florianopolis op 6th"]
[Site "Florianopolis"]
[Date "2020.01.26"]
[Round "10"]
[White "Machado, Antonio Rodrigo"]
[Black "Carvalho, Celestino Jr"]
[Result "0-1"]
[WhiteElo "1726"]
[BlackElo "1928"]
[PlyCount "68"]
[EventDate "2020.01.20"]
[EventType "swiss"]
[EventRounds "10"]
[EventCountry "BRA"]
[SourceTitle "CBM 194 Extra"]
[Source "ChessBase"]
[SourceDate "2020.03.31"]
[SourceVersion "1"]
[SourceVersionDate "2020.03.31"]
[SourceQuality "1"]

1. e4 c5 2. Nf3 Nc6 3. d4 cxd4 4. Nxd4 Nf6 5. Nc3 d6 6. Be3 e5 7. Nb3 a6 8. g3 b5 9. Bg2 Be6 10. 0-0 Be7 11. Nd5 Bxd5 12. exd5 Na5 13. Nxa5 Qxa5 14. f4 exf4 15. Rxf4 0-0 16. c3 Qc7 17. Qd3 Nd7 18. Be4 g6 19. Bd4 Ne5 20. Qe2 Bg5 21. Rf2 Rae8 22. h4 Bh6 23. Re1 f5 24. Bb1 Nf3+ 25. Qxf3 Rxe1+ 26. Rf1 Rfe8 27. Bd3 Be3+ 28. Kg2 Bxd4 29. cxd4 Rxf1 30. Qxf1 Qa5 31. Qc1 Kg7 32. h5 Qb6 33. Qg5 Qxd4 34. Bxf5 Qxd5+ 0-1

[Event "Florianopolis op 6th"]
[Site "Florianopolis"]
[Date "2020.01.25"]
[Round "9"]
[White "Sabadin, Rosan"]
[Black "Machado, Antonio Rodrigo"]
[Result "0-1"]
[WhiteElo "1412"]
[BlackElo "1726"]
[PlyCount "104"]
[EventDate "2020.01.20"]
[EventType "swiss"]
[EventRounds "10"]
[EventCountry "BRA"]
[SourceTitle "CBM 194 Extra"]
[Source "ChessBase"]
[SourceDate "2020.03.31"]
[SourceVersion "1"]
[SourceVersionDate "2020.03.31"]
[SourceQuality "1"]

1. e4 e5 2. Nf3 Nc6 3. d4 exd4 4. Nxd4 Bc5 5. Nb3 Bb6 6. a4 a6 7. a5 Ba7 8. Nc3 Qf6 9. Qe2 Nge7 10. g3 d6 11. Bg2 Be6 12. 0-0 0-0 13. Kh1 Rad8 14. f4 Nd4 15. Nxd4 Qxd4 16. Rd1 Qf2 17. f5 Qxe2 18. Nxe2 Bd7 19. Bg5 f6 20. Bf4 Rfe8 21. Nc3 Bc6 22. Rd2 Kf8 23. Rad1 Ng8 24. Nd5 Bxd5 25. Rxd5 Ne7 26. R5d2 Nc6 27. Rd5 Ne7 28. R5d3 Nc6 29. Bd2 Ne5 30. Rd5 Ng4 31. Rf1 Nf2+ 32. Rxf2 Bxf2 33. Bc3 Ba7 34. Bf3 Ke7 35. h3 g6 36. fxg6 hxg6 37. g4 Be3 38. Kg2 Bf4 39. b3 Rh8 40. Be1 Be5 41. c4 g5 42. Bg3 Rh7 43. Kh2 Rdh8 44. Bg2 Kf7 45. Rd3 Re8 46. Rf3 Rhh8 47. Rd3 Rb8 48. Bxe5 fxe5 49. Rf3+ Kg6 50. Rf5 b6 51. axb6 Rxb6 52. Rf3 Rhb8 0-1

[Event "Osasco Terzian Memorial"]
[Site "Osasco"]
[Date "2019.12.07"]
[Round "4"]
[White "Machado, Antonio Rodrigo"]
[Black "Marra, Eduardo da Costa"]
[Result "0-1"]
[WhiteElo "1773"]
[BlackElo "2180"]
[PlyCount "114"]
[EventDate "2019.12.06"]
[EventType "swiss"]
[EventRounds "6"]
[EventCountry "BRA"]
[SourceTitle "CBM 193 Extra"]
[Source "ChessBase"]
[SourceDate "2020.01.31"]
[SourceVersion "1"]
[SourceVersionDate "2020.01.31"]
[SourceQuality "1"]

1. e4 c5 2. Nf3 e6 3. d3 Nc6 4. g3 d5 5. Nbd2 g6 6. Bg2 Bg7 7. 0-0 Nge7 8. Re1 Qc7 9. c3 b6 10. Nf1 dxe4 11. dxe4 0-0 12. h4 Rd8 13. Qc2 Ba6 14. Rd1 Rxd1 15. Qxd1 Rd8 16. Qe1 Qd7 17. Bg5 h6 18. Bxe7 Nxe7 19. Ne3 Qa4 20. Rd1 Rxd1 21. Qxd1 Qxe4 22. Qd8+ Bf8 23. Nd2 Qd3 24. Qxd3 Bxd3 25. Ne4 Bg7 26. Nd6 Be5 27. Nec4 Bxd6 28. Nxd6 e5 29. Bf1 Bxf1 30. Kxf1 Kg7 31. Ne8+ Kf8 32. Nd6 Nc6 33. Ke2 Ke7 34. Ne4 f5 35. Nd2 e4 36. f3 exf3+ 37. Nxf3 Ke6 38. c4 Ne5 39. Nd2 Ng4 40. Nf3 Kf6 41. a3 Ke6 42. b4 Ne5 43. Nd2 Kd6 44. b5 Ke6 45. Ke3 Kf6 46. Kf4 g5+ 47. hxg5+ hxg5+ 48. Ke3 Kg6 49. Kf2 Kh5 50. Ke3 Kg4 51. Kf2 f4 52. gxf4 Kxf4 53. a4 g4 54. a5 bxa5 55. Nb3 Nd3+ 56. Kg2 a4 57. Na1 Ne5 0-1

[Event "Sao Paulo ECP op 5th"]
[Site "Sao Paulo"]
[Date "2019.11.29"]
[Round "2"]
[White "Ferreira, Caio Tulio Moreira"]
[Black "Machado, Antonio Rodrigo"]
[Result "1-0"]
[WhiteElo "1654"]
[BlackElo "1773"]
[PlyCount "53"]
[EventDate "2019.11.29"]
[EventType "swiss"]
[EventRounds "6"]
[EventCountry "BRA"]
[SourceTitle "CBM 193 Extra"]
[Source "ChessBase"]
[SourceDate "2020.01.31"]
[SourceVersion "1"]
[SourceVersionDate "2020.01.31"]
[SourceQuality "1"]

1. e4 e5 2. Nc3 Nf6 3. f4 d5 4. fxe5 Nxe4 5. d3 Nxc3 6. bxc3 d4 7. Nf3 Nc6 8. cxd4 Nxd4 9. c3 Nxf3+ 10. Qxf3 c6 11. d4 Be6 12. Bd3 Bd5 13. Qf2 Qa5 14. Qb2 Be7 15. 0-0 0-0-0 16. Rb1 Qc7 17. Bf5+ Be6 18. Bxe6+ fxe6 19. Rf7 Rhg8 20. Qb3 Qd7 21. Ba3 Rde8 22. Bc5 Kb8 23. Qa4 b5 24. c4 Ka8 25. cxb5 Rgf8 26. bxc6 Qc7 27. Rxg7 1-0

[Event "Sao Paulo op-B U2050 8th"]
[Site "Sao Paulo"]
[Date "2019.10.20"]
[Round "5"]
[White "Deus Filho, Joaquim"]
[Black "Machado, Antonio Rodrigo"]
[Result "0-1"]
[WhiteElo "1857"]
[BlackElo "1716"]
[PlyCount "62"]
[EventDate "2019.10.17"]
[EventType "swiss"]
[EventRounds "6"]
[EventCountry "BRA"]
[SourceTitle "CBM 192 Extra"]
[Source "Chessbase"]
[SourceDate "2019.11.06"]
[SourceVersion "1"]
[SourceVersionDate "2019.11.06"]
[SourceQuality "1"]

1. c4 c6 2. b3 d5 3. e3 Nf6 4. Bb2 Bf5 5. f4 e6 6. Nf3 Nbd7 7. cxd5 exd5 8. Be2 h6 9. 0-0 Bd6 10. Ne5 Qe7 11. Nxd7 Qxd7 12. Na3 0-0-0 13. Rc1 Kb8 14. Nc2 Rhg8 15. Nd4 Bg4 16. Bxg4 Nxg4 17. Nf3 h5 18. h3 Nf6 19. Ne5 Qe8 20. b4 a6 21. a4 Rc8 22. Qb3 Ne4 23. Rc2 f6 24. Nf3 g5 25. fxg5 fxg5 26. d3 Ng3 27. Re1 g4 28. hxg4 hxg4 29. Nh2 Qh5 30. b5 Rgf8 31. Nf3 Rxf3 0-1

[Event "Sao Paulo op-B U2050 8th"]
[Site "Sao Paulo"]
[Date "2019.10.19"]
[Round "3"]
[White "Jorge, Denrick Cabral Jose"]
[Black "Machado, Antonio Rodrigo"]
[Result "0-1"]
[WhiteElo "1880"]
[BlackElo "1716"]
[PlyCount "66"]
[EventDate "2019.10.17"]
[EventType "swiss"]
[EventRounds "6"]
[EventCountry "BRA"]
[SourceTitle "CBM 192 Extra"]
[Source "Chessbase"]
[SourceDate "2019.11.06"]
[SourceVersion "1"]
[SourceVersionDate "2019.11.06"]
[SourceQuality "1"]

1. e4 e5 2. Nf3 Nc6 3. d4 exd4 4. Bc4 Nf6 5. e5 d5 6. Bb5 Ne4 7. Nxd4 Bd7 8. Bxc6 bxc6 9. 0-0 Bc5 10. f3 Ng5 11. Be3 Bb6 12. b4 a5 13. c3 axb4 14. cxb4 Qe7 15. Qd2 h6 16. Nc2 0-0 17. Bxb6 cxb6 18. f4 Ne4 19. Qd4 f6 20. Nc3 fxe5 21. fxe5 Nxc3 22. Rxf8+ Rxf8 23. Qxc3 c5 24. Re1 Bf5 25. Qb2 d4 26. Na3 cxb4 27. Nc4 Qc5 28. Qb3 Be6 29. Rc1 d3+ 30. Kh1 d2 31. Rd1 Bxc4 32. Qh3 Qf2 33. e6 Qf1+ 0-1

[Event "Sao Paulo Schutt Cup"]
[Site "Sao Paulo"]
[Date "2019.09.14"]
[Round "3"]
[White "Gomes, Joao Paulo Santos"]
[Black "Machado, Antonio Rodrigo"]
[Result "1-0"]
[WhiteElo "1538"]
[BlackElo "1742"]
[PlyCount "167"]
[EventDate "2019.09.13"]
[EventType "swiss"]
[EventRounds "6"]
[EventCountry "BRA"]
[SourceTitle "EXT 2020"]
[Source "ChessBase"]
[SourceDate "2019.10.17"]
[SourceVersion "1"]
[SourceVersionDate "2019.10.17"]
[SourceQuality "1"]

1. c4 Nf6 2. g3 c6 3. Bg2 d5 4. b3 e6 5. Nf3 Nbd7 6. 0-0 Be7 7. Bb2 0-0 8. Nc3 Qc7 9. Rc1 dxc4 10. bxc4 e5 11. Qc2 Re8 12. Rfd1 Nb6 13. d3 Bg4 14. Ng5 Rad8 15. Nge4 Bc8 16. Nxf6+ Bxf6 17. Ne4 Be7 18. c5 Nd5 19. Ba3 f5 20. Nd6 Rf8 21. Bxd5+ cxd5 22. Qb3 Be6 23. Nxb7 Rb8 24. c6 Bg5 25. Bd6 Qxd6 26. Nxd6 Rxb3 27. axb3 Bxc1 28. Rxc1 Rd8 29. Nb5 Rb8 30. Nxa7 Kf7 31. c7 Rxb3 32. c8Q Bxc8 33. Nxc8 Rb2 34. Kf1 Ke6 35. Na7 Kd6 36. Nc6 g5 37. f3 h5 38. Kf2 Rb6 39. Na5 Rb5 40. Nc6 Rb6 41. Na5 Rb5 42. Rc6+ Kd7 43. Rh6 h4 44. Nc6 hxg3+ 45. hxg3 d4 46. Rg6 g4 47. Nxe5+ Rxe5 48. fxg4 fxg4 49. Rxg4 Rd5 50. Kf3 Ke6 51. Rf4 Ke5 52. g4 Rd8 53. Rf5+ Ke6 54. Ke4 Rg8 55. Re5+ Kf6 56. Kxd4 Rxg4+ 57. Re4 Rg2 58. e3 Ra2 59. Rf4+ Ke6 60. Ke4 Ra1 61. Rf5 Re1 62. Rb5 Kd6 63. Kd4 Ke6 64. e4 Ra1 65. Rb6+ Kd7 66. Ke5 Ra5+ 67. Kf4 Ra1 68. d4 Rf1+ 69. Ke5 Rh1 70. Kd5 Kc7 71. Rg6 Ra1 72. Rg7+ Kb6 73. Kd6 Ra4 74. Ke5 Kc6 75. d5+ Kc5 76. Rc7+ Kb6 77. Rc2 Ra1 78. Kd6 Kb7 79. e5 Ra6+ 80. Rc6 Ra1 81. e6 Re1 82. Rc7+ Kb6 83. e7 Re2 84. Rc8 1-0

[Event "Sao Paulo STD Gansl op"]
[Site "Sao Paulo"]
[Date "2019.05.26"]
[Round "5"]
[White "Machado, Antonio Rodrigo"]
[Black "Seccafim, Caic Dos Santos"]
[Result "1-0"]
[WhiteElo "1696"]
[BlackElo "1892"]
[PlyCount "75"]
[EventDate "2019.05.24"]
[EventType "swiss"]
[EventRounds "6"]
[EventCountry "BRA"]
[SourceTitle "CBM 190 Extra"]
[Source "ChessBase"]
[SourceDate "2019.07.15"]
[SourceVersion "1"]
[SourceVersionDate "2019.07.15"]
[SourceQuality "1"]

1. e4 e6 2. d3 g6 3. g3 Bg7 4. Bg2 d5 5. Nd2 c5 6. Ngf3 Nc6 7. 0-0 Nf6 8. Re1 0-0 9. c3 b5 10. Qe2 a5 11. Nf1 Ba6 12. e5 Nd7 13. Bf4 Nb6 14. h4 b4 15. Qd2 Re8 16. Bh6 Bh8 17. N1h2 Ne7 18. Ng4 Nd7 19. Bg5 Bg7 20. Nh6+ Bxh6 21. Bxh6 Kh8 22. Ng5 Kg8 23. Qf4 Nf5 24. Nxf7 Kxf7 25. g4 Bxd3 26. Bg5 Qc7 27. Rad1 c4 28. gxf5 Bxf5 29. Rxd5 exd5 30. e6+ Rxe6 31. Qxc7 Rxe1+ 32. Kh2 Be6 33. Bxd5 Ke8 34. Bxa8 Bf5 35. Bc6 Rd1 36. Qd8+ Kf7 37. Qe7+ Kg8 38. Bh6 1-0

[Event "Sao Paulo STD Gansl op"]
[Site "Sao Paulo"]
[Date "2019.05.25"]
[Round "3"]
[White "Funayama S A, Yuri"]
[Black "Machado, Antonio Rodrigo"]
[Result "0-1"]
[WhiteElo "1608"]
[BlackElo "1696"]
[PlyCount "108"]
[EventDate "2019.05.24"]
[EventType "swiss"]
[EventRounds "6"]
[EventCountry "BRA"]
[SourceTitle "CBM 190 Extra"]
[Source "ChessBase"]
[SourceDate "2019.07.15"]
[SourceVersion "1"]
[SourceVersionDate "2019.07.15"]
[SourceQuality "1"]

1. d4 d5 2. c4 c6 3. Nc3 Nf6 4. Nf3 e6 5. e3 Nbd7 6. a3 Bd6 7. c5 Bc7 8. b4 a6 9. Bd3 e5 10. dxe5 Nxe5 11. Nxe5 Bxe5 12. Bb2 0-0 13. Qc2 Re8 14. 0-0 Bxh2+ 15. Kh1 Bc7 16. g3 Bh3 17. Rfe1 Bg4 18. Kg2 Bh5 19. Rh1 Bg6 20. Rh2 Qe7 21. Rah1 Be5 22. Kg1 Rad8 23. Bxg6 fxg6 24. Ne2 Bxb2 25. Qxb2 Qe5 26. Nd4 h6 27. Qb1 Qe4 28. Qd1 Rf8 29. Rh4 Qe7 30. R4h2 Ne4 31. Qg4 Rf6 32. Kg2 Rxf2+ 33. Kg1 Rf6 34. Re2 Rdf8 35. Rhh2 Qe5 36. Rhf2 Nc3 37. Re1 Ne4 38. Rfe2 Rf1+ 39. Kg2 R1f6 40. Kg1 Ng5 41. Kh2 Nf3+ 42. Kh1 Nxd4 43. exd4 Qh5+ 44. Qxh5 gxh5 45. Re3 Rf3 46. R1e2 g6 47. Kg2 R3f6 48. Rd3 Kg7 49. Red2 g5 50. Kh3 Kg6 51. Re2 Rf1 52. Re6+ R8f6 53. Re5 g4+ 54. Kg2 R6f2# 0-1

[Event "Concordia op 5th"]
[Site "Concordia"]
[Date "2019.05.03"]
[Round "6"]
[White "Vicenzi, Liziane Nathalia"]
[Black "Machado, Antonio Rodrigo"]
[Result "0-1"]
[WhiteElo "1484"]
[BlackElo "1696"]
[PlyCount "74"]
[EventDate "2019.05.01"]
[EventType "swiss"]
[EventRounds "9"]
[EventCountry "BRA"]
[SourceTitle "CBM 190 Extra"]
[Source "ChessBase"]
[SourceDate "2019.07.15"]
[SourceVersion "1"]
[SourceVersionDate "2019.07.15"]
[SourceQuality "1"]

1. d4 d5 2. c4 c6 3. cxd5 cxd5 4. Nc3 Nf6 5. f3 e6 6. e4 Be7 7. e5 Nfd7 8. Bd3 Nc6 9. Nge2 a6 10. f4 b5 11. f5 Ndxe5 12. dxe5 Nxe5 13. Bf4 Bd6 14. Bxe5 Bxe5 15. 0-0 0-0 16. fxe6 fxe6 17. Rxf8+ Qxf8 18. Qf1 Qd6 19. g3 Bd7 20. Qh3 g6 21. Qg2 Rf8 22. Rf1 Qc5+ 23. Kh1 Bc6 24. Rxf8+ Qxf8 25. Nd1 Kg7 26. Kg1 Qc5+ 27. Qf2 Qb4 28. Nf4 Bd7 29. Ne2 Qd2 30. Qa7 Qxd1+ 31. Kg2 Qxd3 32. Qxd7+ Kh6 33. Nf4 Bxf4 34. gxf4 Qe4+ 35. Kh3 Qf3+ 36. Kh4 Qxf4+ 37. Kh3 Qf3+ 0-1

[Event "Barueri op 3rd"]
[Site "Barueri"]
[Date "2019.04.19"]
[Round "2"]
[White "Machado, Antonio Rodrigo"]
[Black "Guerreiro, Alexandre Vieira"]
[Result "0-1"]
[WhiteElo "1685"]
[BlackElo "2007"]
[PlyCount "200"]
[EventDate "2019.04.19"]
[EventType "swiss"]
[EventRounds "6"]
[EventCountry "BRA"]
[SourceTitle "CBM 190 Extra"]
[Source "ChessBase"]
[SourceDate "2019.07.15"]
[SourceVersion "1"]
[SourceVersionDate "2019.07.15"]
[SourceQuality "1"]

1. e4 c5 2. Nf3 e6 3. d3 a6 4. g3 b5 5. Bg2 Bb7 6. 0-0 d6 7. Re1 Be7 8. c3 Nf6 9. a3 Nbd7 10. Qe2 0-0 11. b4 Rc8 12. Bb2 Re8 13. Nbd2 Bf8 14. Rac1 h6 15. h4 e5 16. Nh2 cxb4 17. cxb4 Qb6 18. Ndf1 a5 19. Ne3 axb4 20. axb4 d5 21. Qd2 dxe4 22. dxe4 Qd6 23. Qxd6 Bxd6 24. Nc2 Rc7 25. f3 Rec8 26. Na3 Bxb4 27. Nxb5 Rc2 28. Rxc2 Rxc2 29. Rb1 Nxe4 30. Ba3 Bc5+ 31. Bxc5 Nexc5 32. Nd6 Bd5 33. Ng4 Be6 34. Nf2 Nf6 35. Nde4 Ncxe4 36. Nxe4 Nxe4 37. fxe4 g6 38. Rb5 f6 39. Rb6 Kf7 40. Rb7+ Kf8 41. Rb6 Ke7 42. Rb7+ Bd7 43. Bh3 Rd2 44. Kf1 Kd8 45. Bxd7 Rxd7 46. Rb8+ Ke7 47. Ke2 h5 48. Rg8 Kf7 49. Rc8 Ra7 50. Rc3 f5 51. Kf3 Ra6 52. Rc5 Kf6 53. exf5 Kxf5 54. Rc4 Rd6 55. Ke3 Rd4 56. Rc5 Ra4 57. Rb5 Ra3+ 58. Kf2 Rd3 59. Kg2 Re3 60. Kf2 Re4 61. Kf3 Re1 62. Kf2 Rd1 63. Ke2 Rd4 64. Ke3 Rg4 65. Kf3 Ke6 66. Rb8 e4+ 67. Ke3 Rxg3+ 68. Kxe4 Rg4+ 69. Kf3 Rxh4 70. Rb6+ Kf7 71. Kg3 Ra4 72. Rc6 Kg7 73. Rb6 Kh6 74. Rb5 h4+ 75. Kh3 g5 76. Rb6+ Kh5 77. Rb5 Ra3+ 78. Kh2 Rc3 79. Ra5 h3 80. Rb5 Kh4 81. Rb8 Ra3 82. Rh8+ Kg4 83. Rb8 Ra2+ 84. Kh1 Kg3 85. Rb3+ Kh4 86. Rb4+ g4 87. Kg1 Ra3 88. Kh2 Rc3 89. Kg1 Ra3 90. Kh2 Rc3 91. Ra4 Rc2+ 92. Kh1 Rf2 93. Kg1 Rb2 94. Rc4 Re2 95. Ra4 Kg3 96. Ra3+ Kf4 97. Kh1 g3 98. Ra1 Kf3 99. Ra3+ Re3 100. Ra2 g2+ 0-1

[Event "Sao Paulo Carnaval op"]
[Site "Sao Paulo"]
[Date "2019.03.03"]
[Round "3"]
[White "Reichert, Thiago da Cruz"]
[Black "Machado, Antonio Rodrigo"]
[Result "1-0"]
[WhiteElo "1971"]
[BlackElo "1688"]
[PlyCount "53"]
[EventDate "2019.03.02"]
[EventType "swiss"]
[EventRounds "7"]
[EventCountry "BRA"]
[SourceTitle "EXT 2020"]
[Source "ChessBase"]
[SourceDate "2019.10.17"]
[SourceVersion "1"]
[SourceVersionDate "2019.10.17"]
[SourceQuality "1"]

1. d4 d5 2. c4 c6 3. e3 Bf5 4. Nc3 Nf6 5. Qb3 Qb6 6. cxd5 Qxb3 7. axb3 cxd5 8. Nb5 Na6 9. Rxa6 bxa6 10. Nc7+ Kd7 11. Nxa8 e6 12. Bxa6 Bd6 13. Bb5+ Ke7 14. Bd2 Rxa8 15. Ne2 Rb8 16. Ba4 Rc8 17. Nc3 Bd3 18. f3 Nd7 19. Kd1 f5 20. h3 h5 21. Nb5 Rc2 22. Nxd6 Kxd6 23. Bb4+ Kc7 24. Bb5 Re2 25. Bxd3 Rxe3 26. Bc2 Nb8 27. Kc1 1-0

[Event "Sao Paulo Carnaval op"]
[Site "Sao Paulo"]
[Date "2019.03.02"]
[Round "1"]
[White "Gauche, Charles"]
[Black "Machado, Antonio Rodrigo"]
[Result "1-0"]
[WhiteElo "2177"]
[BlackElo "1688"]
[PlyCount "87"]
[EventDate "2019.03.02"]
[EventType "swiss"]
[EventRounds "7"]
[EventCountry "BRA"]
[SourceTitle "EXT 2020"]
[Source "ChessBase"]
[SourceDate "2019.10.17"]
[SourceVersion "1"]
[SourceVersionDate "2019.10.17"]
[SourceQuality "1"]

1. e4 e5 2. Nf3 Nc6 3. Bb5 a6 4. Ba4 Nf6 5. 0-0 Be7 6. Bxc6 dxc6 7. Qe1 0-0 8. d3 Re8 9. Nxe5 Bd6 10. Nf3 Bg4 11. Nfd2 Be6 12. f4 Bc5+ 13. Kh1 Ng4 14. Nf3 f5 15. e5 Bd5 16. h3 Re6 17. c3 Bxf3 18. Rxf3 Nf2+ 19. Rxf2 Bxf2 20. Qxf2 Qxd3 21. Be3 Qd1+ 22. Qg1 Qe2 23. Nd2 Rd8 24. Re1 Qb5 25. Nb3 Rg6 26. Qf2 Qa4 27. Qc2 b6 28. Qxf5 Qxa2 29. Qc2 Qa4 30. f5 Rg3 31. Qf2 Rxe3 32. Rxe3 Qxb3 33. Rg3 Rd1+ 34. Kh2 Qd5 35. f6 g6 36. Qf5 Kf7 37. Qf4 Re1 38. e6+ Qxe6 39. Qxc7+ Ke8 40. Qxh7 Qxf6 41. Qg8+ Ke7 42. Qxg6 Re2 43. Qh7+ Qf7 44. Rg7 1-0

[Event "Sao Paulo-chT1"]
[Site "Sao Paulo"]
[Date "2019.02.23"]
[Round "2.4"]
[White "Machado, Antonio Rodrigo"]
[Black "Aquino, Arthur"]
[Result "1/2-1/2"]
[WhiteElo "1688"]
[BlackElo "1884"]
[PlyCount "65"]
[EventDate "2019.02.23"]
[EventType "team-tourn"]
[EventRounds "7"]
[EventCountry "BRA"]
[SourceTitle "EXT 2021"]
[Source "ChessBase"]
[SourceDate "2020.10.23"]
[SourceVersion "1"]
[SourceVersionDate "2020.10.23"]
[SourceQuality "1"]
[WhiteTeam "Caetano CDRSJ"]
[BlackTeam "Osasco II"]
[WhiteTeamCountry "BRA"]
[BlackTeamCountry "BRA"]

1. e4 e6 2. d3 d5 3. Nd2 Nc6 4. Ngf3 e5 5. Be2 Nf6 6. 0-0 Bc5 7. c3 Bb6 8. exd5 Qxd5 9. Nc4 Bf5 10. Nh4 Be6 11. Nxb6 axb6 12. a3 h6 13. f4 e4 14. dxe4 Nxe4 15. Be3 Qxd1 16. Raxd1 Bb3 17. Rde1 0-0 18. Bd3 Nc5 19. Bxc5 bxc5 20. Nf3 Rad8 21. Be2 Rfe8 22. Bb5 Bd5 23. Rxe8+ Rxe8 24. c4 Bxf3 25. Rxf3 Re6 26. Bxc6 Rxc6 27. Rd3 Kf8 28. Kf2 Ke7 29. Ke3 Rb6 30. Rd2 f5 31. Kd3 Rb3+ 32. Kc2 Re3 33. Kd1 1/2-1/2

[Event "Sao Paulo-chT1"]
[Site "Sao Paulo"]
[Date "2019.02.23"]
[Round "1.4"]
[White "Nunes, Allan Hurba"]
[Black "Machado, Antonio Rodrigo"]
[Result "1-0"]
[WhiteElo "1946"]
[BlackElo "1688"]
[PlyCount "79"]
[EventDate "2019.02.23"]
[EventType "team-tourn"]
[EventRounds "7"]
[EventCountry "BRA"]
[SourceTitle "EXT 2021"]
[Source "ChessBase"]
[SourceDate "2020.10.23"]
[SourceVersion "1"]
[SourceVersionDate "2020.10.23"]
[SourceQuality "1"]
[WhiteTeam "Espaco Xadrez Total III"]
[BlackTeam "Caetano CDRSJ"]
[WhiteTeamCountry "BRA"]
[BlackTeamCountry "BRA"]

1. d4 Nf6 2. Nf3 d5 3. c3 e6 4. Bg5 Be7 5. e3 Nbd7 6. Bd3 c5 7. Qa4 0-0 8. Ne5 Ne4 9. Bxe7 Qxe7 10. Bxe4 dxe4 11. Nd2 f5 12. Ndc4 a6 13. Qa3 b5 14. Nxd7 Bxd7 15. Nb6 b4 16. Qa5 bxc3 17. Nxa8 cxb2 18. Rb1 Rxa8 19. Rxb2 cxd4 20. exd4 Bc6 21. 0-0 h6 22. Rb6 Bd5 23. Rxa6 Rc8 24. Ra7 Qg5 25. Rd7 e3 26. Rxd5 exf2+ 27. Kh1 Rc1 28. Rd8+ Kh7 29. Qb5 Qe3 30. Rc8 Rxc8 31. Qb1 Qxd4 32. h3 Kg6 33. Qb3 Rc6 34. Qg3+ Kh7 35. Qxf2 Qe4 36. Re1 Qc2 37. Qe2 g5 38. Qb5 Rd6 39. Qb7+ Kg6 40. Qe7 1-0

[Event "Sao Paulo STD U2200 op 4th"]
[Site "Sao Paulo"]
[Date "2018.12.08"]
[Round "3"]
[White "Ripardo, Paulo Raimundo Volk"]
[Black "Machado, Antonio Rodrigo"]
[Result "0-1"]
[WhiteElo "1766"]
[BlackElo "1688"]
[PlyCount "98"]
[EventDate "2018.12.07"]
[EventType "swiss"]
[EventRounds "6"]
[EventCountry "BRA"]
[SourceTitle "EXT 2021"]
[Source "ChessBase"]
[SourceDate "2020.10.23"]
[SourceVersion "1"]
[SourceVersionDate "2020.10.23"]
[SourceQuality "1"]

1. e4 c5 2. Nf3 d6 3. d4 cxd4 4. Nxd4 Nf6 5. Nc3 g6 6. Be3 Bg7 7. f3 0-0 8. Qd2 Nc6 9. 0-0-0 d5 10. Kb1 e5 11. Nxc6 bxc6 12. exd5 cxd5 13. Nxd5 Nxd5 14. Qxd5 Qc7 15. Qd6 Qb7 16. Qd5 Qc7 17. Qxa8 Bf5 18. Qxf8+ Kxf8 19. Bd3 Be6 20. b4 f5 21. Bc5+ Kg8 22. Bb5 h5 23. Rd6 Qf7 24. Rhd1 e4 25. Bd4 Bxa2+ 26. Kb2 Be6 27. Rd8+ Kh7 28. Bxg7 Qxg7+ 29. Kc1 Qa1+ 30. Kd2 e3+ 31. Ke2 Qc3 32. R8d3 Qxb4 33. Bd7 Bc4 34. Kxe3 f4+ 35. Kf2 Bxd3 36. Rxd3 a5 37. Be6 Qc5+ 38. Ke1 Qg1+ 39. Kd2 Qxg2+ 40. Kc3 Qxh2 41. Rd7+ Kh6 42. Bd5 Qf2 43. Rd8 h4 44. Rh8+ Kg5 45. Ra8 h3 46. Be4 Qc5+ 47. Kd2 h2 48. Rh8 Qd4+ 49. Kc1 Qxh8 0-1